00576nam a2200181Ia 4500001000900000003000500009005001700014008004100031010001100072040002300083100003400106245005000140260008600190300001000276500003100286650001300317700006400330dia_4433CHAP20251015153627.0220117s1984 xx 000 0 und d a175085 cCHAPamxchpuaerda aParra Quezada, Rafael Ángel aLa Vainilla /c Rafael Ángel Parra Quezada aMéxico :b Inia, Centro de Investigaciones Agrícolas del Golfo Centro,c1984 a20 p. aS/c (Folleto Técnico, 1) aVainilla aInstituto Nacional de Investigaciones Agrícolas. México